00394nam a22001337a 450000500170000000800410001704100230005808200130008110000230009424500400011726000460015730000310020365000260023420240702143212.0240702b |||||||| |||| 00| 0 eng d aEnglish/Afrikaans  a349 SOU  lEnglish/Afrikaans  aSouth African Criminal Law Reports  aCape Town: bJuta and Company Ltd, c1992 blxiv, 792 pages; c26 cm.  aLegal practice bLaw